Non-Mississippi River States Quiz Stats

 Plays Quiz Updated May 14, 2016

Challenge
Share
Tweet
Embed
Score 0/19 Timer 03:00
1 Play Today
% Correct
California
97.7%
Washington
96.3%
Maine
95.8%
Oregon
94.5%
Alaska
93.1%
Vermont
92.8%
Hawaii
92.5%
Florida
92.4%
Arizona
91.7%
New Hampshire
91.6%
% Correct
Rhode Island
88.6%
Idaho
88.2%
Connecticut
86.8%
Delaware
86.6%
Nevada
85.6%
Utah
83.1%
Massachusetts
82.8%
New Jersey
80.8%
South Carolina
73.3%

You're not logged in!

Compare scores with friends on all Sporcle quizzes.
Join for Free
OR
Log In

You Might Also Like...

Show Comments

Extras

Top Quizzes Today


Score Distribution

Your Account Isn't Verified!

In order to create a playlist on Sporcle, you need to verify the email address you used during registration. Go to your Sporcle Settings to finish the process.

Report this User

Report this user for behavior that violates our Community Guidelines.

Details: